00910nam a2200253 i 4500003000900000005001700009007000300026008004100029040003000070082001900100100005500119245008700174250002200261264005000283300002700333336002700360337003300387338002800420590002600448910001500474942001400489952013600503999001700639DO-SdBNP20241022135356.0ta110701s1979 dr 000 spa d aDO-SdBNPbspacBNPHUerda 4axxxbR789J2221 aRosario Candelier, Bruno,d1941-eautor4aut.985110aJuan Bosch :b un texto, un análisis y una entrevista /cBruno Rosario Candelier aPrimera edición 4aSanto Domingo :bEditora Alfa y Omega,c1979. a77 páginas ;c21 cm. atextobtxt2rdacontent asin mediaciónbn2rdamedia avolumenbnc2rdacarrier aInventariado, 2024/BT aBtavárez 2ddccLBS1 00102ddc51708PDaBNPHUbBNPHUcCTd2024-10-22eDonado por Ilonka Nacidifl0oBNPHU PD p2024-6075r2024-10-22w2024-10-22yLBS1 c31230d31230